01284nam a2200265Ia 4500001000600000003000900006008004100015040001300056040001300069041001300082100002100095100002900116240003500145240003500180245003800215245003700253250001100290260001100301260002300312260004900335300004300384500054500427650001500972650003100987 9872IT-RoPAU130308s9999 xx 000 0 und d aIT-RoPAU cIT-RoPAU aITALIANO aDuverger Maurice gCodice Aut. SPICS: 7033 aMETHODES DES SCIENCES SOCIALES gCodice Tit. Orig. Spics: T1044 aMetodi delle scienze sociali (I) bMetodi delle Scienze Sociali (I) a2a ed. aMILANO bEtas Libri/Kompass c1969 [1° Ed.:1963 - Ed.Ling.Originale:1961] a"502 p. (prefazione: no ; testo: 502)" aConcetto di Scienza Sociale Diverse Scienze Sociali Tecniche di Osservazione Osservazione Documentaria varie Categorie di Documenti Metodi di Analisi dei Documenti Tecnica di Analisi Osservazione Diretta Estensiva campionamento Metodi di Interrogazione Risultati delle Inchieste Osservazione Diretta Intensiva interviste test e Valutazione degli Atteggiamenti Osservazione partecipazione Analisi Sistematica Elementi dell'Analisi Sistematica Quadri concettuali della Ricerca Sprimentazione Metodo Comparativo Tecniche Matematiche e Grafiche aSOCIOLOGIA eCodice materia Spics: 3651